| Tag |
First Indicator |
Second Indicator |
Subfields |
| LEADER |
00000cam a2200000 a 4500 |
| 001 |
in00000915568 |
| 005 |
20150924144420.0 |
| 008 |
891221s1990 nyua b 00100 eng |
| 010 |
|
|
|a 89071317
|
| 020 |
|
|
|a 0876090781 :
|c $17.95
|
| 035 |
|
|
|a (OCoLC)20852722
|
| 035 |
|
|
|9 AEP4286AM
|
| 040 |
|
|
|a DLC
|c DLC
|d TXA
|d UtOrBLW
|
| 043 |
|
|
|a n-us---
|a n-cn---
|
| 049 |
|
|
|a TXAM
|c [A13334203]
|
| 050 |
0 |
0 |
|a KF6668
|b .C32 1988
|
| 082 |
0 |
0 |
|a 343.7305/6/0971
|a 347.303560971
|2 20
|
| 245 |
0 |
0 |
|a Making free trade work :
|b the Canada-U.S. agreement /
|c Peter Morici, editor.
|
| 264 |
|
1 |
|a New York :
|b Council on Foreign Relations Press,
|c [1990]
|
| 264 |
|
4 |
|c ©1990
|
| 300 |
|
|
|a xiv, 182 pages :
|b illustrations ;
|c 23 cm.
|
| 336 |
|
|
|a text
|b txt
|2 rdacontent
|
| 337 |
|
|
|a unmediated
|b n
|2 rdamedia
|
| 338 |
|
|
|a volume
|b nc
|2 rdacarrier
|
| 490 |
0 |
|
|a Council on Foreign Relations books
|
| 504 |
|
|
|a Includes bibliographical references.
|
| 630 |
1 |
0 |
|a Canada-United States Free Trade Agreement
|d (1987 December 22)
|
| 650 |
|
0 |
|a Tariff
|x Law and legislation
|z United States.
|
| 650 |
|
0 |
|a Free trade
|z United States.
|
| 650 |
|
0 |
|a Tariff
|x Law and legislation
|z Canada.
|
| 650 |
|
0 |
|a Free trade
|z Canada.
|
| 700 |
1 |
|
|a Morici, Peter.
|
| 999 |
|
|
|a MARS
|
| 999 |
f |
f |
|s 11a0c5d1-cdb7-3438-86b4-33775faa659b
|i 1c1429b6-09be-3ace-a1f6-03990ced4d35
|t 0
|
| 952 |
f |
f |
|p ric
|a Texas A&M University
|b Rellis Campus
|c Joint Library Facility
|d Remote Storage
|t 0
|e KF6668 .C32 1988
|h Library of Congress classification
|i unmediated -- volume
|m A14813334203
|
| 998 |
f |
f |
|a KF6668 .C32 1988
|t 0
|l Remote Storage
|